[Event "Dortmund 46th"]
[Site "Dortmund"]
[Date "2018.07.18"]
[Round "4"]
[White "Nisipeanu, Liviu Dieter"]
[Black "Giri, Anish"]
[Result "0-1"]
[WhiteElo "2672"]
[BlackElo "2782"]
[Annotator "Ftacnik,L"]
[PlyCount "111"]
[EventDate "2018.07.14"]
[EventType "tourn"]
[EventRounds "7"]
[EventCountry "GER"]
[EventCategory "19"]
[SourceTitle "CBM 186"]
[Source "ChessBase"]
[SourceDate "2018.09.14"]
[SourceVersion "1"]
[SourceVersionDate "2018.09.14"]
[SourceQuality "1"]

1. e4 c5 2. Nf3 d6 3. d4 cxd4 4. Nxd4 Nf6 5. Nc3 a6 6. Be2 e5 7. Nb3 Be7 8. Bg5
Be6 9. Bxf6 Bxf6 10. Qd3 {Elimination of the knight on f6 weakens the d5-spot,
but Black has enough resources to survive the temporary crises.} Be7 11. Rd1 {
The immediate knight move to d5 is a bit different, but Chinese players have
demonstrated two different ways of equalising.} (11. Nd5 Bxd5 (11... Nd7 12.
O-O Rc8 13. c3 Nb6 14. Nxe7 Qxe7 15. Rfd1 Nc4 16. Qc2 O-O 17. Bxc4 Rxc4 18. Nd2
Rc5 19. Nf1 g6 20. Qd2 Rd8 $11 {1-0 (51) Zhao,J (2589)-Lu,S (2562) China 2013})
12. Qxd5 Qc7 13. Bc4 O-O 14. Qd3 Nd7 15. c3 Rac8 16. Bd5 Nb6 17. O-O Nxd5 18.
Qxd5 Qc6 19. Qd3 $11 {1/2-1/2 (23) Ni,H (2583)-Xu,J (2617) Taiyuan 2004}) 11...
Nd7 12. Nd5 Bxd5 {This move is a serious concession, but also the reminder
that White's plan of exploiting d5 is a bit one sided. The results for White
are not very encouraging, but even the alternative approach with 12...Rc8
seems to be good enough for keeping the balance.} (12... Rc8 13. c3 Bg5 14. O-O
O-O 15. g3 Nc5 16. Nxc5 Rxc5 17. c4 Bxd5 18. cxd5 Qb6 19. Rb1 Rfc8 $11 {
0-1 (55) Andres Gonzalez,I (2392)-Kovalyov,A (2510) San Sebastian 2007}) 13.
Qxd5 b5 {In order to attack the top 10 in the world a player needs many
qualities, one of them is an independent mind. Giri is pushing the b-pawn
instead of the universally accepted 13...Qc7.} (13... Qc7 14. c3 (14. Qc4 Qxc4
15. Bxc4 Nf6 16. Bd5 Nxd5 17. Rxd5 Rc8 18. c3 g6 19. Ke2 Kd7 20. Rhd1 Ke6 $11 {
1/2-1/2 (42) Vachier Lagrave,M (2766)-Wojtaszek,R (2733) Biel 2014}) (14. Bc4
O-O 15. Qd3 Nb6 16. Nd2 Na4 17. Qb3 b5 18. Bd5 Rac8 19. c3 Nb6 20. Nf1 Bg5 21.
Ng3 g6 $11 {1/2-1/2 (69) Novikov,S (2564)-Makarov,M (2535) Dagomys 2008}) 14...
Nf6 (14... O-O 15. O-O b5 16. Nd2 Rad8 (16... g6 17. a3 Rab8 18. Rfe1 Rfd8 19.
Qa2 Nc5 20. Bf1 Bg5 21. Nb3 Qc6 22. Na5 Qc7 $11 {1/2-1/2 (52) Carlsen,M (2834)
-Giri,A (2784) Doha 2015}) (16... Nb6 17. Qb3 Qc5 18. a3 $1 Rac8 19. Rfe1 g6
20. Nf1 Kh8 (20... Bg5 21. Qb4 Rfd8) 21. Ne3 f5 22. exf5 Bg5 23. Qb4 $1 $14 {
½-½ (51) Short,N (2706)-Efimenko,Z (2654) Mukachevo 2009}) 17. Bf3 Kh8 18.
Rfe1 Nb6 19. Qb3 d5 $15 {1/2-1/2 (27) Makka,I (2167)-Cramling Bellon,A (1978)
Caleta 2018}) 15. Qd3 O-O 16. O-O (16. Nd2 Rfd8 17. Bf3 b5 18. O-O g6 19. Ra1
Nd7 20. Rfd1 Nb6 21. g3 d5 {0-1 (34) Onischuk,V (2602)-Vachier Lagrave,M (2811)
Bastia 2016} 22. Qe2 $11) 16... b5 (16... Rfd8 17. Bf3 Qb6 18. Rfe1 Rac8 19.
Qb1 g6 20. Na1 Rc5 21. Nc2 $11 {1/2-1/2 (36) Tissir,M (2444)-Kolev,A (2567)
Navalmoral 2007}) 17. Rfe1 Rfd8 18. Bf3 Rab8 (18... g6 19. g3 Bf8 20. Na1 Bh6
21. Nc2 a5 22. Na3 b4 23. Nb5 Qc5 $11 {0-1 (71) Ponomariov,R (2694)-Salem,A 
(2638) Riadh 2017}) 19. Nd2 Nd7 20. Nf1 Nc5 21. Qe2 Bg5 22. Ne3 Bxe3 23. Qxe3
b4 $11 {0-1 (91) Horvath,A (2459)-Vachier Lagrave,M (2794) Germany 2018}) 14.
Bg4 $6 {Nisipeanu would gladly prove that the vulnerability of the light
square is an issue for Black, but his bishop on h3 will not be on a good spot.}
(14. O-O O-O 15. Qb7 g6 16. c3 h5 17. g3 Qc8 $11) 14... Nf6 15. Qc6+ Kf8 16.
Bh3 g6 17. O-O Kg7 18. Rfe1 {Black has an easy life and in fact better harmony
in his own camp. The reason for White's relative discomfort is to be found in
his very modest minor pieces.} (18. f4 Qb8 19. Rf2 exf4 20. Rxf4 d5 21. Rdf1
Qe5 22. exd5 Bd6 $15) (18. Qb7 Rb8 19. Qa7 Nxe4 20. g3 f5 (20... Nf6 21. Rfe1
Rb6 22. Rxe5 dxe5 23. Rxd8 Bxd8 $15) 21. Bg2 Rc8 $15) 18... Ra7 19. Qc3 Qb6 20.
Qe3 (20. Qd3 Rc7 $15) 20... Qxe3 21. Rxe3 a5 22. a3 Rb8 {Even without the
queens on the board positions with opposite coloured bishops favour the side
with the initiative or the attack. Black is benefitting from an absence of
troubles and is preparing to deliver some for the opponent.} 23. c3 (23. Nc1 b4
24. a4 Rb6 25. Nb3 Rc6 $15) 23... b4 24. axb4 axb4 25. c4 (25. cxb4 Rxb4 26. f3
Ra2 27. Rb1 Bd8 $17) 25... Rc7 26. Nd2 (26. Rc1 Nh5 27. Rc2 Nf4 28. Bg4 h5 29.
Be2 Rbc8 $15) 26... Ne8 27. Ree1 (27. Rd3 Ra8 28. g3 Nf6 29. f3 h5 $15) 27...
Bg5 28. Nf3 Bh6 {Bishops are now symmetrical, but that is the only aspect that
is similar for both sides. Black is putting pressure on White's queenside.} 29.
b3 (29. g4 Bf4 30. Bf1 b3 $15) 29... Ra8 30. Rd5 $2 {[%mdl 2048] White is very
sorry that he can not really benefit from the soft spot on d5, but putting the
rook there does not solve any problem. It was much better to help the stranded
bishop on h3 with a painful, but playable position.} (30. g3 $1 Ra3 31. Rb1
Rca7 $15) 30... Ra3 31. Rb1 Nf6 32. Rxd6 Nxe4 33. Rd8 {It was very difficult
for White to find a way that minimises the damage. The black pieces are all
better and the b3- and f2-squares are too vulnerable for efficient defence.} (
33. Rb6 Ra2 34. Rxb4 Nxf2 $19) 33... Rca7 (33... Ra2 34. Nxe5 Nxf2 35. Rd7 Rxd7
36. Bxd7 Be3 37. Nf3 Nd3+ 38. Kh1 Nc5 39. Bc6 Nxb3 40. g3 Ra1 $17) 34. Nxe5 Nd2
$1 35. Rxd2 {The sad necessity of eliminating the intruding knight speaks
volumes about the crisis in the White's position. The rest of the game will be
technical with Giri converting the advantage. Please note the sad bishop on h3.
..} (35. Rd1 Ra1 36. Bg4 Rxd1+ 37. Bxd1 Ra1 $19) 35... Bxd2 36. Kf1 Ra1 37.
Rxa1 Rxa1+ 38. Ke2 Re1+ (38... Ra2 $5 39. Nd3 Bc3+ 40. Ke3 Ra3 41. Nc5 Bf6 $19)
39. Kxd2 Rxe5 40. Bd7 Kf6 {The bishop and a pawn are no real match for the
rook, but Black has to improve the king first.} 41. Bc6 Ke7 42. f4 Ra5 43. Kd3
Kd6 (43... Ra3 44. Ba4 Ra2 $19) 44. Bd5 Kc5 45. Bxf7 Ra3 46. Bg8 (46. Kc2 Ra2+
$19) 46... Rxb3+ 47. Kc2 Re3 48. Bxh7 {White has to bite the bullet as he at
least attacks the g6-pawn. In other lines Black would coordinate his pieces
with decisive effect.} (48. Kd2 b3 49. Bxh7 Re6 50. Kc3 Rb6 51. Kb2 Kb4 $19)
48... Re2+ 49. Kb3 Rxg2 50. h4 Rg3+ 51. Kb2 b3 52. Ka3 (52. f5 Kb4 53. fxg6
Rg2+ $19) 52... Kxc4 53. Bg8+ Kc3 54. Bxb3 {A heroic feat of defence as the
pesky b-pawn was stopped. The good news ends here as White will lose the
elementary pawn ending.} Kd4 55. Kb4 Rxb3+ 56. Kxb3 (56. Kxb3 Ke4 57. Kc3 Kxf4
58. Kd3 Kg4 59. Ke3 Kxh4 60. Kf3 g5 61. Kg2 Kg4 $19) 0-1

[Event "IND-ch"]
[Site "Mumbai"]
[Date "2003.01.31"]
[Round "21"]
[White "Ganguly, Surya Shekhar"]
[Black "Saravanan, Venkat"]
[Result "1-0"]
[WhiteElo "2556"]
[BlackElo "2357"]
[Annotator "Ftacnik,L"]
[PlyCount "67"]
[EventDate "2003.01.18"]
[EventType "tourn"]
[EventRounds "21"]
[EventCountry "IND"]
[EventCategory "8"]
[SourceTitle "CBM 094"]
[Source "ChessBase"]
[SourceDate "2003.05.26"]
[SourceVersion "1"]
[SourceVersionDate "2003.05.26"]
[SourceQuality "1"]

1. e4 c5 2. Nf3 d6 3. d4 cxd4 4. Nxd4 Nf6 5. Nc3 a6 6. Be2 e5 7. Nb3 Be7 8. O-O
O-O 9. Kh1 b5 10. a4 b4 11. Nd5 Bb7 12. f3 Nxd5 13. exd5 Nd7 14. c4 bxc3 15.
bxc3 Bg5 16. Ba3 Qc7 17. c4 Be3 $2 {The whole idea of switching dark squared
bishop from e7 to c5 is very dubious as the bishop will be sorely missed in
the defense of the kingside.} (17... Nc5 18. Nxc5 dxc5 19. Bd3 $14) (17... Rab8
18. Rb1 Rfc8 19. Bd3 $13) 18. Bd3 g6 19. Rb1 Bc8 (19... Rab8 20. Qe1 Bg5 (20...
Bh6 $2 21. Qh4 Bg7 22. Qe7 $18) 21. Qa5 Bd8 22. Qxc7 Bxc7 23. c5 Bxd5 24. cxd6
$16) 20. Qe1 Bc5 (20... Bg5 21. Qa5 Bd8 22. Qxc7 Bxc7 23. c5 $14) 21. Bc1 f6 (
21... Re8 22. Qh4 Bb4 23. Bg5 $14) 22. f4 $1 {Excellent strategy to open up
the new from on the kingside, as black king is unsufficiently protected.} exf4
(22... Rb8 23. f5 g5 24. Bd2 $14) 23. Bxf4 Ne5 24. Bxe5 fxe5 (24... dxe5 25.
Nxc5 Qxc5 26. Qb4 Qxb4 27. Rxb4 $16) 25. Rxf8+ Kxf8 26. Qh4 Be3 (26... Ba7 27.
Bxg6 hxg6 28. Qh8+ Ke7 29. Qg7+ Kd8 30. Qf8+ Kd7 31. Rf1 $18) 27. Rf1+ $6 (27.
Re1 $1 Bf4 (27... Ba7 28. Bxg6 $18) (27... Rb8 28. Qf6+ Kg8 29. Rxe3 Rxb3 30.
Rf3 $18) 28. g3 Rb8 29. Nd4 Bd2 30. Re2 $18) 27... Kg8 28. Qf6 Bh6 (28... Bd7
29. Bxg6 $18) (28... Bf4 $5 29. c5 (29. g3 Bh3 30. gxf4 Rf8 31. Qg5 Bxf1 32.
Bxf1 Rxf4 $13) 29... Bd7 30. a5 Rb8 (30... Rf8 31. Qxd6 Qxd6 32. cxd6 e4 33.
Bxa6 Bxd6 34. Rxf8+ Kxf8 35. Be2 $16) 31. Qe7 Qd8 32. Qxd8+ Rxd8 33. c6 $16)
29. c5 $1 {Black forces are in obvious disarray so this blow in the center
easily decides.} Bg7 30. cxd6 Bxf6 31. dxc7 Be7 32. Rc1 Kf8 33. Rc6 Bd7 34.
Bxa6 1-0

[Event "Corus"]
[Site "Wijk aan Zee"]
[Date "2009.01.25"]
[Round "8"]
[White "Ivanchuk, Vassily"]
[Black "Karjakin, Sergey"]
[Result "1-0"]
[WhiteElo "2779"]
[BlackElo "2706"]
[Annotator "Ftacnik,L"]
[PlyCount "81"]
[EventDate "2009.01.17"]
[EventType "tourn"]
[EventRounds "13"]
[EventCountry "NED"]
[EventCategory "19"]
[SourceTitle "CBM 129"]
[Source "ChessBase"]
[SourceDate "2009.03.25"]
[SourceVersion "1"]
[SourceVersionDate "2009.03.25"]
[SourceQuality "1"]

1. e4 c5 2. Nf3 d6 3. Nc3 Nf6 4. d4 cxd4 5. Nxd4 a6 6. Be2 e5 7. Nb3 Be7 8. O-O
O-O 9. Be3 Be6 10. Qd2 Nbd7 11. a4 Qc7 12. Rfd1 Rac8 13. a5 Nc5 {Black is
willing to accept a slightly inferior pawn structure in return for the freedom
of his pieces.} 14. Nxc5 dxc5 15. Qe1 Rfd8 16. Rxd8+ Rxd8 17. f3 c4 (17... Qc6
18. Na4 Nd7 19. c4 Nf8 20. Nb6 f6 21. Nd5 Bd6 22. Ra3 Bf7 23. Rb3 Ne6 24. Rb6
Qd7 25. Qa1 Rc8 26. Bd1 Rb8 27. Ba4 Qd8 28. Qa3 Nd4 $11 {1-0 Ponomariov,R 
(2718)-Alekseev,E (2708)/Moscow 2008 (53)}) 18. Na4 Nd7 19. Qc3 {The next few
moves strongly resemble the shadow theatre as both players seem unsure about
the best concept.} (19. h3 Qc6 20. Kh2 Kf8 21. Bd2 Nc5 22. Nb6 Nd7 23. Be3 Nxb6
24. Bxb6 Rc8 25. Rd1 h6 26. Qc3 f6 27. g3 Qa4 28. Qd2 Bb4 $15 {1/2-1/2
Naiditsch,A (2638)-Pashikian,A (2556)/Moscow 2008 (47)}) (19. Kf1 Rc8 20. Nb6
Nxb6 21. Bxb6 Qc6 22. c3 Bc5 23. Bxc5 Qxc5 24. Qf2 Qc7 25. Ra4 h6 26. Qe3 Rd8
27. Kf2 Rd6 $11 {1/2-1/2 Petrik,T (2522)-Fercec,N (2501)/Pula 2007 (34)}) 19...
f6 (19... Qc6 20. b4 cxb3 21. Qxc6 bxc6 22. cxb3 Bxb3 23. Kf2 Kf8 24. Bxa6 Bxa4
25. Rxa4 Nc5 26. Bxc5 Bxc5+ 27. Ke2 Rb8 $11) (19... Rc8 $5) 20. b3 (20. b4 $5
Qc6 21. Qa3 $14) 20... Rc8 21. b4 Qc6 22. Qa3 f5 $6 {Karjakin is searching for
counterplay. It was more cautious to secure the bishop on e7 and live with
slightly worse chances.} (22... Bf8 23. Rd1 (23. c3 Qb5 24. Nb2 $14) 23... Qb5
24. Rb1 Qc6 25. Nc3 $14) 23. b5 $1 axb5 (23... Bxa3 $2 24. bxc6 $18) 24. Qxe7
bxa4 25. Rd1 (25. a6 Qxa6 26. Rd1 Nf8 27. Rd6 Qa5 $13) 25... Nf8 (25... f4 26.
Rd6 Qxd6 27. Qxd6 Rc6 28. Qe7 fxe3 29. Bxc4 $1 Bxc4 30. Qxd7 $18) 26. Rd6 Re8
$1 (26... Qe8 27. Qxe8 Rxe8 28. exf5 Bxf5 29. Bxc4+ Be6 30. Bb5 Ra8 31. a6 bxa6
32. Bxa4 $16) 27. Rxc6 Rxe7 28. Bc5 $1 {A magnificient blow in a position
where Ivanchuk is pawn down. The main idea is to get the best square for the
rook currently on c6.} Rd7 $2 (28... Re8 29. Rc7 fxe4 30. fxe4 (30. Rxb7 Ra8
31. Rb5 Nd7 32. Ba3 e3 $1 $11) 30... Ra8 (30... Nd7 31. Bb4 Rb8 32. Kf2 $14)
31. Bb4 a3 32. Bxa3 Rxa5 33. Bb4 $14) 29. Rb6 $1 (29. Rxe6 Nxe6 30. Bxc4 Rd1+
31. Kf2 Rd2+ 32. Kf1 Rxc2 33. Bxe6+ Kh8 $132) 29... fxe4 (29... Bf7 30. a6 bxa6
31. Rb8 $18) 30. fxe4 c3 (30... Rd2 31. Rxb7 $1 Rxe2 32. a6 $18) 31. Kf2 $1 {
[%mdl 2048] Ivanchuk is showing his legendary class. Not only he refrained
from dubious combination on the 29th move, but now he improves the king in
order to cooperate with his excellently located pieces.} (31. Bxf8 Kxf8 32.
Rxe6 a3 33. Bc4 Rd1+ 34. Kf2 Rd2+ 35. Ke3 Rxc2 $14) (31. a6 bxa6 32. Rb8 Rf7
33. Ra8 $16) 31... Ba2 (31... Rd2 32. a6 bxa6 33. Rb8 h5 34. Rxf8+ Kh7 35. Ke3
Rxc2 36. Bd6 $16) 32. a6 $1 bxa6 33. Rb8 Rf7+ 34. Ke3 g6 {Black is defending a
very compromised position despite the fact, that he nominally enjoys advantage
of two pawns.} (34... Rf6 35. Be7 Rf7 36. Bd6 $16) 35. Bd6 Rf6 (35... Kg7 36.
Bxe5+ Kh6 37. Bxc3 $16) 36. Rd8 a3 (36... Be6 37. Bxa6 a3 38. Bxa3 Kg7 39. Re8
Ba2 40. Bc8 $18) 37. Bxa3 Kg7 38. Bd6 Rf7 39. Bxe5+ Kh6 40. Bxa6 Ne6 41. Rc8 {
Karjakin has ended the game positionally and materially bankrupt. A great
creative achievement by Ivanchuk!} 1-0

[Event "ISR-chT"]
[Site "Israel"]
[Date "1999.01.08"]
[Round "1"]
[White "Sutovsky, Emil"]
[Black "Gelfand, Boris"]
[Result "0-1"]
[WhiteElo "2612"]
[BlackElo "2691"]
[Annotator "Gelfand,B"]
[PlyCount "110"]
[EventDate "1999.01.??"]
[EventType "team"]
[EventRounds "11"]
[EventCountry "ISR"]
[SourceTitle "CBM 069"]
[Source "ChessBase"]
[SourceDate "1999.04.01"]
[SourceVersion "1"]
[SourceVersionDate "1999.04.01"]
[SourceQuality "1"]

1. e4 c5 2. Nf3 d6 3. d4 cxd4 4. Nxd4 Nf6 5. Nc3 a6 6. Be2 e5 7. Nb3 Be7 8. O-O
O-O 9. Kh1 b6 10. Bg5 Nbd7 11. Nd5 Nxd5 12. Qxd5 Rb8 13. Bxe7 Qxe7 14. Rad1 Nf6
15. Qxd6 Qxd6 16. Rxd6 Nxe4 17. Rd5 f6 (17... Re8 {- 71/262}) 18. f3 Ng5 19.
Rfd1 Nf7 20. R5d2 Be6 $1 $11 (20... a5 21. Bc4 $5 $14 {Lutz} (21. Bb5 Be6 {
/\ Rfd8})) 21. a3 $6 (21. Nc1 a5 (21... b5 22. Nd3) 22. Bb5 $11) 21... a5 22.
Bb5 Rfc8 23. Kg1 $2 (23. Nc1 Rc5 24. a4 (24. Bf1 $5) 24... Kf8 25. Ne2 Ke7 26.
Nc3 Rd8 $15) 23... Rxc2 (23... Kf8 $15) 24. Rxc2 Bxb3 25. Rdc1 (25. Rcd2 Bxd1
26. Rxd1 Rd8 27. Rc1 Nd6 28. Ba6 Nf5) 25... Bxc2 26. Rxc2 Nd6 $17 27. Ba4 (27.
Ba6 b5 28. Rc6 Nf5 $17) 27... Rc8 28. Rd2 Nf5 29. Rd7 (29. Kf2 Nd4) 29... Rc1+
30. Kf2 Rb1 31. Rd2 Kf8 $6 (31... Nd4 32. Bc2 Rc1 $17) 32. Bc6 (32. Bb5 Nd4 33.
Bd3 Rh1 34. h3 h5 35. Bf1 h4 {Nf5}) 32... Nd4 33. Be4 Rh1 34. Bxh7 Rxh2 35. Bd3
Ke7 36. b4 a4 (36... axb4 37. axb4 Rh1 38. Bf1 Rh8 39. Ra2 $132) 37. Rd1 Rh8
38. Rc1 Kd6 39. Rc4 g5 40. b5 (40. Rc1 f5 41. Ke3 $17) 40... Ra8 41. g4 $2 Nxb5
42. Be4 Ra5 43. Rc6+ Kd7 44. Rxb6 Nxa3 45. Bd3 Kc7 46. Rxf6 Nb5 47. Bc4 (47.
Bxb5 Rxb5 48. Ra6 Rb4 49. Kg2 (49. Rg6 a3 50. Ra6 Rb3) 49... Kb7 50. Ra5 Kb6 (
50... Kc6 51. Rxe5) 51. Rxe5 a3 52. Re1 Kb5 (52... a2 53. Ra1 Ra4 54. f4 gxf4
55. g5)) 47... a3 48. Kg3 (48. Kf1 Nd4 (48... a2 49. Bxa2 Rxa2 50. Re6 Re2 (
50... Nd4 51. Rxe5 Nxf3 52. Rf5 Ra3 53. Kf2 Nd2 54. Ke2 Ne4 55. Re5 $11)) 49.
Ba2 Rc5) 48... a2 49. Bxa2 Rxa2 50. Rf5 Kd6 51. Rxg5 Nd4 52. Rg6+ Ke7 53. g5
Ra3 54. Rf6 e4 55. Rf4 Ne2+ 0-1